A SHORT TEXTBOOK OF PSYCHIATRY (Record no. 8392)

MARC details
000 -LEADER
fixed length control field 00448nam a22001817a 4500
005 - DATE AND TIME OF LATEST TRANSACTION
control field 20230821112208.0
008 - FIXED-LENGTH DATA ELEMENTS--GENERAL INFORMATION
fixed length control field 230818b |||||||| |||| 00| 0 eng d
020 ## - INTERNATIONAL STANDARD BOOK NUMBER
ISBN 978-93-80704-66-1
041 ## - LANGUAGE CODE
Language code of text/sound track or separate title eng
082 ## - DEWEY DECIMAL CLASSIFICATION NUMBER
Classification number 616.89 AHU -S
100 ## - MAIN ENTRY--AUTHOR NAME
Personal name AHUJA, NIRAJ
245 ## - TITLE STATEMENT
Title A SHORT TEXTBOOK OF PSYCHIATRY
250 ## - EDITION STATEMENT
Edition statement 7TH, ED.2023
260 ## - PUBLICATION, DISTRIBUTION, ETC. (IMPRINT)
Place of publication NEW DELHI
Name of publisher JAYPEE BROTHERS
Year of publication 2023
300 ## - PHYSICAL DESCRIPTION
Number of Pages 261; P
650 ## - SUBJECT ADDED ENTRY--TOPICAL TERM
Topical Term BPT
942 ## - ADDED ENTRY ELEMENTS (KOHA)
Koha item type Books
Holdings
Lost status Damaged status Collection code Home library Current library Shelving location Date acquired Source of acquisition Cost, normal purchase price Full call number Accession Number Koha item type
    PHYSIOTHERAPY JRU Library JRU Library Shelf - 24- D 05/08/2023 PURCHASE [LBI] 795.00 616.89 AHU -S 27905 Books
    PHYSIOTHERAPY JRU Library JRU Library Shelf - 24- D 05/08/2023 PURCHASE [LBI] 795.00 616.89 AHU -S 27906 Books
    PHYSIOTHERAPY JRU Library JRU Library Shelf - 24- D 05/08/2023 PURCHASE [LBI] 795.00 616.89 AHU -S 27907 Books
    Reference JRU Library JRU Library SHELF- 8- B 05/08/2023 PURCHASE [LBI] 795.00 616.89 AHU -S 27920 Books
    PHYSIOTHERAPY JRU Library JRU Library Shelf - 24- D 05/08/2023 PURCHASE [LBI] 795.00 616.89 AHU -S 27921 Books
    PHYSIOTHERAPY JRU Library JRU Library Shelf - 24- D 05/08/2023 PURCHASE [LBI] 795.00 616.89 AHU -S 27922 Books
    PHYSIOTHERAPY JRU Library JRU Library Shelf - 24- D 05/08/2023 PURCHASE [LBI] 795.00 616.89 AHU -S 27923 Books
    PHYSIOTHERAPY JRU Library JRU Library Shelf - 24- D 05/08/2023 PURCHASE [LBI] 795.00 616.89 AHU -S 27924 Books